| 000 | 00921nam a22002417a 4500 | ||
|---|---|---|---|
| 999 |
_c177639 _d177639 |
||
| 005 | 20210407153933.0 | ||
| 010 | _aB-739240-242 B-739718 | ||
| 020 |
_a9789390189229 _c499.00 |
||
| 035 | _aB-739240-242 | ||
| 035 | _aB-739718 | ||
| 037 | _bScholastic | ||
| 037 | _bGift | ||
| 082 | _aN | ||
| 100 | _aMartin, Ann M. | ||
| 245 |
_aThe baby-sitters club: _bclaudia and mean janine part-4 / _cby Ann M. Martin [and] Raina Telgemeier |
||
| 260 |
_aNew York _bScholastic _c2020 |
||
| 270 |
_a557 Broadway _bNew York _eNY 10012 |
||
| 300 |
_a161p.: _c21cm(pbk) _bill. |
||
| 700 | _aTelgemeier, Raina | ||
| 942 |
_2ddc _cCH _hN _mMAR |
||